书目信息 |
| 题名: |
江苏风俗史
|
|
| 作者: | 马俊亚 著 | |
| 分册: | ||
| 出版信息: | 南京 江苏人民出版社 2020 |
|
| 页数: | [14], 442页 | |
| 开本: | 25cm | |
| 丛书名: | 江苏文库 | |
| 单 册: | ||
| 中图分类: | K892.453 , K892.45 | |
| 科图分类: | ||
| 主题词: | 风俗习惯史--feng su xi guan shi--江苏省 | |
| 电子资源: | ||
| ISBN: | 978-7-214-25153-4 | |
| 000 | 00971nam 2200277 450 | |
| 001 | 2166400174 | |
| 005 | 20211112182646.00 | |
| 010 | @a978-7-214-25153-4@b精装@dCNY97.00 | |
| 100 | @a20201105d2020 em y0chiy50 ea | |
| 101 | 0 | @achi |
| 102 | @aCN@b320000 | |
| 105 | @ay a 000yy | |
| 200 | 1 | @a江苏风俗史@Ajiang su feng su shi@f马俊亚著 |
| 210 | @a南京@c江苏人民出版社@d2020 | |
| 215 | @a[14], 442页@d25cm | |
| 225 | 2 | @a江苏文库@Ajiang su wen ku@i研究编@i江苏文化专门史 |
| 300 | @a江苏文脉整理与研究工程 | |
| 320 | @a有书目 (第397-440页) | |
| 330 | @a本书作者按时间顺序,对江苏风俗史做了梳理,从旧石器时代到民国时期,逐一分析相关风俗的起源与流变,并注意区别苏北、苏南不同地域及不同时代的风俗流变。 | |
| 410 | 0 | @12001 @a江苏文库@i研究编@i江苏文化专门史 |
| 606 | 0 | @a风俗习惯史@Afeng su xi guan shi@y江苏省 |
| 690 | @aK892.453@v5 | |
| 690 | @aK892.45@v4 | |
| 701 | 0 | @a马俊亚@Ama jun ya@4著 |
| 801 | 0 | @aCN@bBP@c20201105 |
| 905 | @aZUCC@dK892.45@e2 | |
| 江苏风俗史/马俊亚著.-南京:江苏人民出版社,2020 |
| [14], 442页;25cm.-(江苏文库.研究编.江苏文化专门史) |
| 江苏文脉整理与研究工程 |
| ISBN 978-7-214-25153-4(精装):CNY97.00 |
| 本书作者按时间顺序,对江苏风俗史做了梳理,从旧石器时代到民国时期,逐一分析相关风俗的起源与流变,并注意区别苏北、苏南不同地域及不同时代的风俗流变。 |
| ● |
| 相关链接 |
|
|
|
正题名:江苏风俗史
索取号:K892.45/2
 
预约/预借
| 序号 | 登录号 | 条形码 | 馆藏地/架位号 | 状态 | 备注 |
| 1 | 2000881054 | 2000881054 | 第三书库/ [索取号:K892.45/2] | 在馆 | |
| 2 | 2000881055 | 2000881055 | 第三书库/ [索取号:K892.45/2] | 在馆 | |
| 3 | 2000881056 | 2000881056 | 第三书库/ [索取号:K892.45/2] | 在馆 |